Score 0/20 Timer 03:00
3 Plays Today
Hint Answer % Correct
Rose
99.8%
Rainbow
99.3%
Robot
98.5%
Road
98.3%
Rock
97.7%
Rhinoceros
97.7%
Rabbit
97.3%
Rice
97.2%
Razor
96.5%
Ruby
95.6%
Hint Answer % Correct
Rooster
95.6%
Ring
95.5%
Racquet
95.1%
Raspberry
94.5%
Radar
94.4%
Raccoon
92.7%
Railroad
91.2%
Raisin
90.8%
Rubber Band
86.8%
Rook
84.1%

You're not logged in!

Compare scores with friends on all Sporcle quizzes.
OR
Log In

Sporcle TV

Today on Sporcle TV


Watch our educational content, quiz creation guides, and fun videos on Sporcle TV.

Show Comments

Extras

Top Quizzes Today


Score Distribution

Your Account Isn't Verified!

In order to create a playlist on Sporcle, you need to verify the email address you used during registration. Go to your Sporcle Settings to finish the process.

Report this User

Report this user for behavior that violates our Community Guidelines.

Details: